000 00618nam a22002177a 4500
005 20170124105920.0
010 _a89223
020 _c00
035 _a89223
037 _bCen Lib/Ret
040 _aDPL
_bEN
082 _a016
_bSEL
245 _aA select list of books on the civilizations of the orient /
_cedited by W.A.C.H. Dobson
246 _b
260 _bOxford University Press
_c1955
_aLondon
270 _bLondon
300 _axi, 76p.
_c18cm(Hb)
650 _aAncient History
_z
_vBibliographies
_9108185
700 _aDobson, W.A.C.H.
_9108186
942 _2ddc
_cEN
_h016
_mSEL
999 _c123089
_d123089